[Event "BL2-Nord 1011"]
[Site "Germany"]
[Date "2011.01.16"]
[Round "5.8"]
[White "Grosse Kloenne, Elmar"]
[Black "Meissner, Felix"]
[Result "0-1"]
[WhiteElo "2239"]
[BlackElo "2198"]
[PlyCount "70"]
[EventDate "2010.10.10"]
[EventType "team-tourn"]
[EventRounds "9"]
[EventCountry "GER"]
[SourceTitle "EXT 2012"]
[Source "ChessBase"]
[SourceDate "2011.11.24"]
[SourceVersion "1"]
[SourceVersionDate "2011.11.24"]
[SourceQuality "1"]
[WhiteTeam "Berlin 1903 II"]
[BlackTeam "Hamburger SK II"]
[WhiteTeamCountry "GER"]
[BlackTeamCountry "GER"]

1. b3 e5 2. Bb2 Nc6 3. e3 Nf6 4. c4 Be7 5. d3 d5 6. cxd5 Nxd5 7. Nf3 Bf6 8. Nbd2 Bg4 9. Be2 Bxf3 10. gxf3 Bh4 11. 0-0 0-0 12. Rc1 f5 13. Kh1 f4 14. e4 Nde7 15. Rc5 Qd6 16. b4 b6 17. Rc4 a6 18. a3 Qh6 19. Qe1 Bg3 20. fxg3 fxg3 21. Qxg3 Qxd2 22. Bxe5 Nxe5 23. Qxe5 Qxe2 24. Rcc1 Ng6 25. Qxc7 Nf4 26. Qc2 Qxc2 27. Rxc2 Nxd3 28. Rc6 Ne5 29. Rxb6 Nxf3 30. Rd1 Rac8 31. Kg2 Rc2+ 32. Kg3 Nxh2 33. Rg1 g5 34. Rg2 Nf1+ 35. Kh3 Rc3+ 0-1

[Event "Schwarzach op 25th"]
[Site "Schwarzach"]
[Date "2010.08.27"]
[Round "7"]
[White "Grosse Kloenne, Elmar"]
[Black "Feige, Manuel"]
[Result "0-1"]
[WhiteElo "2239"]
[BlackElo "2402"]
[PlyCount "84"]
[EventDate "2010.08.21"]
[EventType "swiss"]
[EventRounds "9"]
[EventCountry "AUT"]
[SourceTitle "CBM 138 Extra"]
[Source "ChessBase"]
[SourceDate "2010.10.29"]
[SourceVersion "1"]
[SourceVersionDate "2010.10.29"]
[SourceQuality "1"]

1. c4 Nf6 2. g3 c5 3. Bg2 d6 4. Nc3 g6 5. e3 Bg7 6. Nge2 0-0 7. 0-0 Nbd7 8. Rb1 a6 9. b4 cxb4 10. Rxb4 Rb8 11. d3 Qc7 12. Bd2 b6 13. Qb1 Bb7 14. e4 Ba8 15. h3 e5 16. Be3 Nc5 17. f4 Bh6 18. g4 exf4 19. Nxf4 Ne6 20. Nce2 Nd7 21. Kh1 Nxf4 22. Nxf4 Bg7 23. Qe1 b5 24. a4 bxc4 25. Rxc4 Qd8 26. Rc2 Rb3 27. Qd2 Re8 28. Ne2 Nc5 29. Nc1 Ra3 30. Ra2 Rxa2 31. Qxa2 Qd7 32. a5 Rb8 33. Qc4 Qe6 34. Bxc5 Qxc4 35. dxc4 dxc5 36. Rd1 Kf8 37. Ne2 Be5 38. Bf3 Ke7 39. Rd3 Rb1+ 40. Kg2 Rb2 41. Kf1 f6 42. Nc3 Rb3 0-1

[Event "Oberliga NRW 0405"]
[Site "Germany"]
[Date "2004.11.21"]
[Round "3.5"]
[White "Lehmann, Holger"]
[Black "Grosse Kloenne, Elmar"]
[Result "1-0"]
[WhiteElo "2182"]
[BlackElo "2264"]
[PlyCount "97"]
[EventDate "2004.10.10"]
[EventType "team-tourn"]
[EventRounds "9"]
[EventCountry "GER"]
[SourceTitle "EXT 2006"]
[Source "ChessBase"]
[SourceDate "2005.11.24"]
[SourceVersion "1"]
[SourceVersionDate "2005.11.24"]
[SourceQuality "1"]
[WhiteTeam "Wattenscheid II"]
[BlackTeam "Muenster"]
[WhiteTeamCountry "GER"]
[BlackTeamCountry "GER"]

1. d4 Nf6 2. c4 d6 3. Nc3 Nbd7 4. e4 e5 5. d5 Nc5 6. f3 a5 7. Be3 Be7 8. Qd2 Nfd7 9. Nge2 h6 10. g3 c6 11. Bg2 a4 12. Rb1 Qa5 13. 0-0 Qb4 14. b3 axb3 15. axb3 Ra3 16. Nc1 cxd5 17. exd5 Nxb3 18. Qb2 Ndc5 19. Kh1 Qa5 20. Nb5 Nxc1 21. Qxa3 Qxa3 22. Nxa3 N1b3 23. Nb5 Bf5 24. Bxc5 Nxc5 25. Ra1 0-0 26. Rfe1 Rc8 27. f4 Nd3 28. fxe5 Nxe5 29. Ra7 Bf8 30. Rxb7 Nxc4 31. Rc7 Rxc7 32. Nxc7 g6 33. h3 h5 34. Nb5 Bd7 35. Nd4 Kg7 36. Nc6 Kf6 37. Rf1+ Kg7 38. Ra1 Kg8 39. Ra8 Ne3 40. Rd8 Bf5 41. Re8 Nc4 42. Ne7+ Kg7 43. Nxf5+ gxf5 44. Bf3 Nd2 45. Kg2 h4 46. g4 Nxf3 47. Kxf3 f6 48. Kf4 Kf7 49. Rxf8+ 1-0

[Event "BL2-West 0304"]
[Site "Germany"]
[Date "2004.??.??"]
[Round "?.7"]
[White "Grosse Kloenne, Elmar"]
[Black "Rosenberger, Frank"]
[Result "0-1"]
[WhiteElo "2255"]
[BlackElo "2265"]
[PlyCount "78"]
[EventDate "2003.12.14"]
[EventType "team-tourn"]
[EventRounds "9"]
[EventCountry "GER"]
[SourceTitle "CBM 100 Extra"]
[Source "ChessBase"]
[SourceDate "2004.07.06"]
[SourceVersion "2"]
[SourceVersionDate "2004.07.06"]
[SourceQuality "1"]
[WhiteTeam "Muenster"]
[BlackTeam "Koblenz"]
[WhiteTeamCountry "GER"]
[BlackTeamCountry "GER"]

1. e4 e6 2. d4 d5 3. Nc3 Bb4 4. Nge2 dxe4 5. a3 Bxc3+ 6. Nxc3 Nc6 7. Bb5 Nge7 8. Bg5 f6 9. Be3 f5 10. Qd2 0-0 11. 0-0-0 a6 12. Bxc6 Nxc6 13. Bf4 Ne7 14. f3 exf3 15. gxf3 Ng6 16. Bg5 Qd7 17. h4 Rf7 18. h5 Nf8 19. Rhe1 b5 20. d5 Qd6 21. Bf4 Qb6 22. Be3 Qd6 23. Bf4 Qb6 24. Be3 Qd6 25. Bf4 Qb6 26. Re5 Bd7 27. dxe6 Bxe6 28. Nd5 Qc6 29. Qe3 a5 30. Rd3 b4 31. axb4 Bxd5 32. b5 Qxb5 33. Rdxd5 Qf1+ 34. Rd1 Qc4 35. b3 Qb4 36. Rd4 Qa3+ 37. Kd2 a4 38. Rc4 Rd8+ 39. Ke2 Qd6 0-1

[Event "BL2-West 9900"]
[Site "Germany"]
[Date "2000.04.09"]
[Round "9.6"]
[White "Grosse Kloenne, Elmar"]
[Black "Schulz, Klaus Juergen"]
[Result "0-1"]
[WhiteElo "2257"]
[BlackElo "2406"]
[PlyCount "64"]
[EventDate "1999.10.10"]
[EventType "team-tourn"]
[EventRounds "9"]
[EventCountry "GER"]
[SourceTitle "CBM 075 Extra"]
[Source "ChessBase"]
[SourceDate "2000.05.11"]
[SourceVersion "2"]
[SourceVersionDate "2000.05.11"]
[SourceQuality "1"]
[WhiteTeam "Muenster"]
[BlackTeam "Andernach"]
[WhiteTeamCountry "GER"]
[BlackTeamCountry "GER"]

1. e4 c5 2. Nf3 e6 3. c4 d6 4. Nc3 e5 5. a3 Nc6 6. Nd5 Nge7 7. b4 Ng6 8. Be2 Be7 9. d3 0-0 10. b5 Nd4 11. Nxd4 exd4 12. Bh5 Be6 13. Bxg6 hxg6 14. Bd2 Bxd5 15. exd5 Bg5 16. f4 Re8+ 17. Kf2 Bf6 18. Rb1 g5 19. f5 Be5 20. Qg4 Bf4 21. Bxf4 gxf4 22. Qxf4 Re3 23. Rbd1 Qf6 24. Rhe1 Rae8 25. Rxe3 dxe3+ 26. Kg1 Qc3 27. Qg3 Re5 28. f6 g6 29. h3 e2 30. Re1 Qd2 31. Kh2 Rf5 32. Kg1 Qd1 0-1

[Event "BL2-West 9900"]
[Site "Germany"]
[Date "1999.12.12"]
[Round "3.7"]
[White "Hommeles, Theo"]
[Black "Grosse Kloenne, Elmar"]
[Result "1-0"]
[WhiteElo "2340"]
[BlackElo "2257"]
[PlyCount "43"]
[EventDate "1999.10.10"]
[EventType "team-tourn"]
[EventRounds "9"]
[EventCountry "GER"]
[SourceTitle "CBM 074 Extra"]
[Source "ChessBase"]
[SourceDate "2000.03.10"]
[SourceVersion "2"]
[SourceVersionDate "2000.03.10"]
[SourceQuality "1"]
[WhiteTeam "Neu Herne"]
[BlackTeam "Muenster"]
[WhiteTeamCountry "GER"]
[BlackTeamCountry "GER"]

1. e4 c6 2. d4 d5 3. Nc3 dxe4 4. Nxe4 Bf5 5. Ng3 Bg6 6. h4 h6 7. Nf3 Nf6 8. Ne5 Bh7 9. Bd3 Bxd3 10. Qxd3 e6 11. Bf4 Nbd7 12. 0-0-0 Nxe5 13. Bxe5 Qa5 14. Kb1 0-0-0 15. Qf3 Be7 16. c4 Rhf8 17. Rd3 Qa6 18. Rc1 Ne8 19. c5 f6 20. Bf4 g5 21. Bd2 Qa4 22. Ne2 1-0

[Event "Oberliga NRW 9900 II"]
[Site "Germany"]
[Date "1999.11.22"]
[Round "2.1"]
[White "Kritz, Leonid"]
[Black "Grosse Kloenne, Elmar"]
[Result "1-0"]
[WhiteElo "2225"]
[BlackElo "2280"]
[PlyCount "49"]
[EventDate "1999.10.26"]
[EventType "team"]
[EventRounds "9"]
[EventCountry "GER"]
[SourceTitle "EXT 2001"]
[Source "ChessBase"]
[SourceDate "2000.11.22"]
[SourceVersion "1"]
[SourceVersionDate "2000.11.22"]
[SourceQuality "1"]
[WhiteTeam "Bochum II"]
[BlackTeam "Muenster II"]
[WhiteTeamCountry "GER"]
[BlackTeamCountry "GER"]

1. e4 c6 2. d4 d5 3. e5 Bf5 4. Nc3 Qb6 5. g4 Bd7 6. Na4 Qc7 7. Be3 e6 8. Bg2 Na6 9. Ne2 h5 10. gxh5 Rxh5 11. h4 Be7 12. Nf4 Rh8 13. Qg4 Rh7 14. Nh5 c5 15. Nc3 cxd4 16. Bxd4 Nh6 17. Qe2 Nf5 18. 0-0-0 Nb4 19. Nf4 0-0-0 20. Bxa7 Nc6 21. Nfxd5 exd5 22. Nxd5 Qxe5 23. Nb6+ Kc7 24. Rxd7+ Rxd7 25. Bb8+ 1-0

[Event "BL2-West 9899"]
[Site "Germany"]
[Date "1999.04.18"]
[Round "9.6"]
[White "Hammes, Michael"]
[Black "Grosse Kloenne, Elmar"]
[Result "1/2-1/2"]
[WhiteElo "2333"]
[BlackElo "2263"]
[PlyCount "129"]
[EventDate "1998.10.??"]
[EventType "team-tourn"]
[EventRounds "9"]
[EventCountry "GER"]
[SourceTitle "GER-chT2"]
[Source "ChessBase"]
[SourceDate "1999.07.01"]
[SourceVersion "1"]
[SourceVersionDate "1999.07.01"]
[SourceQuality "1"]
[WhiteTeam "Andernach"]
[BlackTeam "Muenster"]
[WhiteTeamCountry "GER"]
[BlackTeamCountry "GER"]

1. d4 Nf6 2. c4 d6 3. Nc3 Nbd7 4. Nf3 c6 5. e4 e5 6. g3 Be7 7. Bg2 0-0 8. 0-0 Re8 9. h3 a6 10. Qc2 Bf8 11. d5 cxd5 12. cxd5 b5 13. Be3 Nb6 14. Nd2 Bd7 15. a3 Na4 16. b3 Nxc3 17. Qxc3 Qc8 18. Qa5 Bxh3 19. Rfc1 Qg4 20. Bf3 Qg6 21. Rc6 Bc8 22. Rac1 h5 23. Kf1 Bh3+ 24. Ke2 Bg4 25. Bxg4 hxg4 26. Rxa6 Rxa6 27. Qxa6 Nxe4 28. Qxb5 Ra8 29. a4 Nxd2 30. Kxd2 f5 31. Rc4 Be7 32. Qb7 Re8 33. Rc8 Kh7 34. Rxe8 Qxe8 35. a5 f4 36. gxf4 exf4 37. Bxf4 Bh4 38. Be3 Qe5 39. Qc6 Bg5 40. Qc2+ Kg8 41. Bxg5 Qxd5+ 42. Ke2 Qf3+ 43. Ke1 Qh1+ 44. Kd2 Qd5+ 45. Kc1 Qxg5+ 46. Qd2 Qb5 47. Kb2 d5 48. Ka3 d4 49. Qb4 Qd7 50. Qc4+ Kf8 51. Qd3 Kf7 52. b4 Ke6 53. Kb3 Ke5 54. a6 Qd5+ 55. Qc4 Qf3+ 56. Ka4 d3 57. Qc3+ Ke6 58. b5 Qd5 59. Qd2 Qc4+ 60. Ka5 Qc7+ 61. Kb4 Qd6+ 62. Ka4 Qd4+ 63. Ka5 Qa1+ 64. Kb6 Qd4+ 65. Ka5 1/2-1/2

[Event "BL2-West 9899"]
[Site "Germany"]
[Date "1998.12.13"]
[Round "3.8"]
[White "Schmidt, Bodo"]
[Black "Grosse Kloenne, Elmar"]
[Result "1-0"]
[WhiteElo "2345"]
[BlackElo "2270"]
[PlyCount "85"]
[EventDate "1998.10.??"]
[EventType "team-tourn"]
[EventRounds "9"]
[EventCountry "GER"]
[SourceTitle "GER-chT2"]
[Source "ChessBase"]
[SourceDate "1999.07.01"]
[SourceVersion "1"]
[SourceVersionDate "1999.07.01"]
[SourceQuality "1"]
[WhiteTeam "Godesberg"]
[BlackTeam "Muenster"]
[WhiteTeamCountry "GER"]
[BlackTeamCountry "GER"]

1. d4 Nf6 2. Bg5 d6 3. Bxf6 exf6 4. g3 g6 5. Bg2 Bg7 6. c4 f5 7. e3 Nd7 8. Ne2 0-0 9. Nbc3 Re8 10. 0-0 a5 11. a3 c6 12. b4 Nf6 13. Qc2 Qe7 14. b5 Ne4 15. Rab1 Be6 16. Nxe4 fxe4 17. bxc6 bxc6 18. Qxe4 d5 19. Qf4 Qxa3 20. c5 Bf5 21. Rb7 Qd3 22. Qc7 Rf8 23. Nf4 Qa6 24. Rb6 Rac8 25. Qxf7+ Rxf7 26. Rxa6 g5 27. Nxd5 Bd3 28. Rxa5 Bxf1 29. Kxf1 cxd5 30. Bxd5 Kf8 31. Bxf7 Kxf7 32. Ra7+ Kg6 33. Ke2 g4 34. f4 gxf3+ 35. Kxf3 Bf6 36. Ra6 Kf7 37. Ke4 Bg5 38. Kd3 Be7 39. e4 Rb8 40. e5 Rb1 41. Ke4 Rc1 42. Ra7 Ke8 43. Kd5 1-0

[Event "Montecatini Terme op"]
[Site "Montecatini Terme"]
[Date "1998.??.??"]
[Round "2"]
[White "Grosse Kloenne, Elmar"]
[Black "Ortega, Lexy"]
[Result "0-1"]
[WhiteElo "2270"]
[BlackElo "2475"]
[PlyCount "68"]
[EventDate "1998.??.??"]
[EventType "swiss"]
[EventRounds "9"]
[EventCountry "ITA"]
[SourceTitle "EXT 2000"]
[Source "ChessBase"]
[SourceDate "1999.11.16"]
[SourceVersion "1"]
[SourceVersionDate "1999.11.16"]
[SourceQuality "1"]

1. e4 c5 2. Nf3 d6 3. Bb5+ Nd7 4. 0-0 Ngf6 5. Re1 a6 6. Bf1 b6 7. c4 Bb7 8. Nc3 Ne5 9. a3 Rc8 10. d3 e6 11. Rb1 Be7 12. b4 cxb4 13. axb4 0-0 14. Nxe5 dxe5 15. Be3 Qc7 16. f3 Nd7 17. Qb3 h6 18. Red1 Rfd8 19. Kh1 Ra8 20. h3 Rdc8 21. Qb2 Bc6 22. d4 exd4 23. Bxd4 Bf6 24. Qf2 Rd8 25. Bxf6 Nxf6 26. Rxd8+ Rxd8 27. c5 Qe5 28. Qe3 b5 29. Ra1 Nd5 30. Nxd5 Qxa1 31. Ne7+ Kh7 32. Nxc6 Rd1 33. Nb8 Rxf1+ 34. Kh2 Qe5+ 0-1

[Event "BL2-West 9697"]
[Site "Germany"]
[Date "1997.??.??"]
[Round "?.8"]
[White "Grosse Kloenne, Elmar"]
[Black "Heedt, Thorsten"]
[Result "1-0"]
[WhiteElo "2265"]
[BlackElo "2205"]
[PlyCount "43"]
[EventDate "1996.10.??"]
[EventType "team-tourn"]
[EventRounds "9"]
[EventCountry "GER"]
[SourceTitle "GER-chT2"]
[Source "ChessBase"]
[SourceDate "1999.07.01"]
[SourceVersion "1"]
[SourceVersionDate "1999.07.01"]
[SourceQuality "1"]
[WhiteTeam "Muenster"]
[BlackTeam "Koeln Porz II"]
[WhiteTeamCountry "GER"]
[BlackTeamCountry "GER"]

1. Nf3 Nf6 2. c4 g6 3. Nc3 Bg7 4. d4 d6 5. Bg5 Nbd7 6. e3 c5 7. Be2 a6 8. 0-0 Rb8 9. Qc2 0-0 10. Rfd1 Qa5 11. a3 Re8 12. b4 cxb4 13. axb4 Qc7 14. c5 h6 15. Bh4 g5 16. Bg3 Nh5 17. Nd5 Qc6 18. Nxe7+ Rxe7 19. Bxd6 Qe4 20. Bd3 Qe6 21. Bf5 Qf6 22. Bxb8 1-0

[Event "Muenster op"]
[Site "Muenster"]
[Date "1994.??.??"]
[Round "3"]
[White "Onischuk, Alexander"]
[Black "Grosse Kloenne, Elmar"]
[Result "1-0"]
[WhiteElo "2585"]
[BlackElo "2295"]
[PlyCount "54"]
[EventDate "1994.09.??"]
[EventType "swiss"]
[EventRounds "9"]
[EventCountry "GER"]
[SourceTitle "EXT 1998"]
[Source "ChessBase"]
[SourceDate "1997.11.17"]
[SourceVersion "1"]
[SourceVersionDate "1997.11.17"]
[SourceQuality "1"]

1. d4 Nf6 2. c4 d6 3. Nc3 Nbd7 4. e4 e5 5. d5 Nc5 6. f3 a5 7. Be3 Be7 8. Nge2 h6 9. g3 0-0 10. Bg2 c6 11. 0-0 cxd5 12. exd5 b6 13. Kh1 Re8 14. Qc2 Bf8 15. h3 Qe7 16. Rae1 g6 17. g4 Bg7 18. Ng3 Bd7 19. Qd2 Kh7 20. g5 Ng8 21. f4 exf4 22. Bxc5 Qf8 23. Bxd6 Qxd6 24. Nce4 Qb4 25. Qxf4 Rf8 26. gxh6 Bxh6 27. Ng5+ Bxg5 1-0

[Event "BL2-West 9192"]
[Site "Germany"]
[Date "1992.??.??"]
[Round "7.4"]
[White "Grosse Kloenne, Elmar"]
[Black "Borik, Otto"]
[Result "1-0"]
[WhiteElo "2285"]
[BlackElo "2380"]
[PlyCount "75"]
[EventDate "1991.10.??"]
[EventType "team-tourn"]
[EventRounds "9"]
[EventCountry "GER"]
[SourceTitle "GER-chT2"]
[Source "ChessBase"]
[SourceDate "1999.07.01"]
[SourceVersion "1"]
[SourceVersionDate "1999.07.01"]
[SourceQuality "1"]
[WhiteTeam "Muenster"]
[BlackTeam "Delmenhorst"]
[WhiteTeamCountry "GER"]
[BlackTeamCountry "GER"]

1. d4 Nf6 2. Bg5 c5 3. Bxf6 gxf6 4. d5 f5 5. c3 Bg7 6. e3 Qb6 7. Qd2 e6 8. Na3 exd5 9. 0-0-0 d4 10. Nc4 Qc7 11. cxd4 d5 12. Na3 cxd4+ 13. Kb1 dxe3 14. Nb5 Qe7 15. Qxe3 Be6 16. Qg3 0-0 17. Nc7 Nc6 18. Nxa8 Rxa8 19. Qa3 Qh4 20. Nh3 f4 21. Qf3 Bf5+ 22. Ka1 Qf6 23. Qa3 Nd4 24. Bd3 Rc8 25. Rc1 f3 26. Nf4 fxg2 27. Nxd5 Qg5 28. Ne7+ Kh8 29. Rxc8+ Bxc8 30. Rg1 Be6 31. Qd6 Be5 32. Qd8+ Kg7 33. Rxg2 Qxg2 34. Qg8+ Kf6 35. Qxg2 Kxe7 36. Qxb7+ Kf6 37. Qxa7 h5 38. f4 1-0

[Event "BL2-West 9192"]
[Site "Germany"]
[Date "1992.??.??"]
[Round "6.3"]
[White "Grosse Kloenne, Elmar"]
[Black "Kotter, Ralf"]
[Result "0-1"]
[WhiteElo "2285"]
[BlackElo "2220"]
[PlyCount "142"]
[EventDate "1991.10.??"]
[EventType "team-tourn"]
[EventRounds "9"]
[EventCountry "GER"]
[SourceTitle "GER-chT2"]
[Source "ChessBase"]
[SourceDate "1999.07.01"]
[SourceVersion "1"]
[SourceVersionDate "1999.07.01"]
[SourceQuality "1"]
[WhiteTeam "Muenster"]
[BlackTeam "Muelheim"]
[WhiteTeamCountry "GER"]
[BlackTeamCountry "GER"]

1. d4 Nf6 2. Nf3 e6 3. Bf4 b6 4. e3 Bb7 5. Bd3 c5 6. 0-0 Be7 7. h3 0-0 8. Bh2 Ba6 9. Bxa6 Nxa6 10. Qe2 Qc8 11. c4 Qb7 12. Nc3 Rfd8 13. d5 exd5 14. cxd5 d6 15. e4 Nc7 16. a4 a6 17. Rab1 b5 18. b4 cxb4 19. Rxb4 a5 20. Rbb1 b4 21. Nd4 Bf8 22. Qf3 Re8 23. Rfe1 Qb6 24. Ncb5 Nxb5 25. Nxb5 Nd7 26. Rbc1 Rac8 27. Rxc8 Rxc8 28. Qf5 Rd8 29. Bf4 Nc5 30. Be3 Qb8 31. Bxc5 dxc5 32. Qf3 Qe5 33. Qb3 Rd7 34. g3 g5 35. Qf3 Rxd5 36. exd5 Qxe1+ 37. Kg2 Qd2 38. Nc7 c4 39. Ne8 Be7 40. Qe4 Bc5 41. Qf5 Kf8 42. Nf6 Qxf2+ 43. Qxf2 Bxf2 44. Kxf2 Ke7 45. Ne4 f5 46. Nd2 c3 47. Nb3 Kd6 48. Nxa5 Kxd5 49. Ke3 f4+ 50. gxf4 gxf4+ 51. Kd3 h6 52. Nb3 f3 53. a5 f2 54. Ke2 Kc4 55. a6 Kxb3 56. a7 c2 57. a8Q c1Q 58. Kxf2 Qd2+ 59. Kg3 Kb2 60. Kg4 b3 61. Qc6 Qg5+ 62. Kf3 h5 63. Qc4 Qf6+ 64. Kg2 Qc3 65. Qf4 Ka2 66. Qf7 h4 67. Qe6 Kb1 68. Kf1 Kc2 69. Kf2 b2 70. Qe4+ Qd3 71. Qc6+ Kd1 0-1